Pedagogy of Environmental Studies at Primary Level/ (Record no. 178663)

MARC details
000 -LEADER
fixed length control field 00923nam a22002537a 4500
005 - DATE AND TIME OF LATEST TRANSACTION
control field 20231219123531.0
010 ## - LCCN (DPL NO)
LC control number ENG-129423 ENG-138603
020 ## - INTERNATIONAL STANDARD BOOK NUMBER
Terms of availability 250.00
International Standard Book Number 9789388016230
020 ## - INTERNATIONAL STANDARD BOOK NUMBER
Terms of availability 9789389740240
International Standard Book Number 995.00
035 ## - SYSTEM CONTROL NUMBER
System control number EN-112955
035 ## - SYSTEM CONTROL NUMBER
System control number EN-122135
037 ## - SOURCE OF ACQUISITION
Source of stock number/acquisition DBAD/PUB
082 ## - DEWEY DECIMAL CLASSIFICATION NUMBER
Classification number 363.7
Edition number 1
100 ## - MAIN ENTRY--PERSONAL NAME
Personal name Ravinder
245 ## - TITLE STATEMENT
Title Pedagogy of Environmental Studies at Primary Level/
Remainder of title By Ravinder, Jubilee Padmanabhan and K. Shravankumar
250 ## - EDITION STATEMENT
Edition statement 1
260 ## - PUBLICATION, DISTRIBUTION, ETC. (IMPRINT)
Place of publication, distribution, etc New Delhi
Name of publisher, distributor, etc Neelkamal Publications
Date of publication, distribution, etc 2020
270 ## - ADDRESS
Address 4764/1, 23, Ansari Road, Daryaganj
City New Delhi
Postal code 110002
Telephone number 011-23244237
-- 9811828953
Electronic mail address neelkamalbooks@gmail.com
300 ## - PHYSICAL DESCRIPTION
Extent xii,274p.
Dimensions 24cm(hbk)
Other physical details illustrations
500 ## - GENERAL NOTE
General note including biographical references and index
700 ## - ADDED ENTRY--PERSONAL NAME
Personal name Jubilee Padmanabhan
Relator term Author
9 (RLIN) 59940
700 ## - ADDED ENTRY--PERSONAL NAME
Personal name K. Shravankumar
Relator term Author
9 (RLIN) 59941
942 ## - ADDED ENTRY ELEMENTS (KOHA)
Source of classification or shelving scheme Dewey Decimal Classification
Item type English Books
Classification part 363.7
Call number suffix RAV
Edition 1
Holdings
Withdrawn status Lost status Not for loan Collection code Home library Current library Date acquired Source of acquisition Cost, normal purchase price Full call number Barcode Copy number Cost, replacement price Koha item type
      Non-fiction Bawana Bawana 09/04/2021 DBAD/PUB 250.00 363.7 RAV EN-112955 1 250.00 English Books
      Non-fiction Central Library Central Library 19/12/2023 DBAD 995.00 363.7 RAV EN-122135 1 995.00 English Books

© Delhi Public Library
Hit Counter
free hit counter